| 000 | 01725nam0a2200397 i 4500 | ||
|---|---|---|---|
| 001 | RU\NLR\bibl\1901650 | ||
| 005 | 20260406064744.0 | ||
| 010 |
_a9785699551873 _93000 |
||
| 021 |
_aRU _b2012-29912 _92223 |
||
| 035 | _a(nilc)RSL-KNO-005429937 | ||
| 035 | _a(NLR Aleph) 001891269 | ||
| 090 |
_a2923128 _c2923128 |
||
| 100 | _a20120502d2012 u y0rusy50 ca | ||
| 101 | 0 |
_arus _ager |
|
| 102 | _aRU | ||
| 105 | _aa ||||||||| | ||
| 200 | 1 |
_aПревращение _dDie Verwandlung _e[учебное пособие _eдля углубления знаний немецкого языка] _fФранц Кафка _g[пер. с нем. С.К. Апта _gсост. слов., упражнений и коммент. И. Красникова] _zger |
|
| 210 |
_aМосква _cЭксмо _d2012 |
||
| 215 |
_a158, [1] с. _cил. _d22 |
||
| 225 | 1 | _aБилингва | |
| 225 | 1 | _aСлушаем, читаем, понимаем | |
| 300 | _aАвт. также на нем. яз.: Franz Kafka | ||
| 300 | _aТекст парал. на рус. и нем. яз. | ||
| 316 |
_a1 CD-Rom, указанный в макете, отсутствует _5NLR |
||
| 510 | 1 |
_6z20790 _aDie Verwandlung _zger |
|
| 606 | 1 |
_aНемецкий язык _jКниги для чтения _91063964 _3RU\NLR\auth\66413315 |
|
| 686 |
_aШ143.24-947 _2rubbk |
||
| 686 | _aШ143.24-93рус91 | ||
| 700 | 1 |
_4070 _8rus _7ca _aКафка _bФ. _f1883-1924 _gФранц _3RU\NLR\auth\7724108 _97160 |
|
| 790 | 1 |
_4070 _7ba _8ger _aKafka _bF. _f1883-1924 _gFranz _9194534 _3RU\NLR\AUTH\770194585 |
|
| 801 | 0 |
_aRU _bRuMoRKP _c20120502 _grcr |
|
| 801 | 1 |
_aRU _bРГБ _c20120502 |
|
| 801 | 2 |
_aRU _bNLR _c20120511 _grcr |
|
| 942 | _cBOOK | ||
| 980 | _aNBR | ||